Diet selection : an interdisciplinary approach to foraging behaviour

Saved in:
Bibliographic Details
Other Authors: Hughes, R. N. (Editor)
Format: Book
Language:English
Published: Oxford : Blackwell Scientific Publications, c1993
Subjects:
Tags: Add Tag
No Tags, Be the first to tag this record!

MARC

LEADER 00000nam a2200000 i 4500
001 1/103665
008 000301s1993 eng d
020 |a 0-632-03559-5 
035 |l 10058560 
040 |a GR-MY-UA  |b gre  |e aacr 
041 0 |a eng 
082 0 |a 591.53 
245 1 0 |a Diet selection :  |b an interdisciplinary approach to foraging behaviour /  |c edited by R.N. Hughes 
260 |a Oxford :   |b Blackwell Scientific Publications,   |c c1993 
300 |a 221 p. 
504 |a Includes bibliographical references 
650 0 0 |a Animals  |x Food. 
650 0 0 |a Food preferences. 
700 1 |a Hughes, R. N.  |4 edt 
852 |a INST  |b LESVOS  |e 20000301  |h 591.53 DIE  |p 005100020622  |q 005100020622  |t BK  |y 0 
901 |a BIBL1-2000-1 
909 |a Λ  |b 074851 
922 |a 1ΕΛΗ  |b 200001  |c ΚΠΣ/ΤΠ  |d GLORY 
950 |a 107-1999-12-21 
970 |a ΤΖΑΦΕΡΗ  |b ΕΥΑΓΓΕΛΙΑ  |z 2000/03/23